El túnel /
Guardado en:
| Autor Principal: | |
|---|---|
| Formato: | Libro |
| Publicado: |
Buenos Aires :
Seix Barral,
2006
|
| Series: | Biblioteca Ernesto Sabato
|
| Materias: | |
| Etiquetas: |
Agregar Etiqueta
Sin Etiquetas, Sea el primero en etiquetar este registro!
|
| LEADER | 00691nam a22002295a 4500 | ||
|---|---|---|---|
| 001 | CEM.cems013018 | ||
| 005 | 20081027082208.0 | ||
| 008 | 130507s2006##################000#0#####d | ||
| 003 | CEMS | ||
| 020 | |a 950731489X | ||
| 082 | 0 | 4 | |a A863.4 |
| 100 | 1 | |a Sabato, Ernesto | |
| 245 | 1 | 0 | |a El túnel / |c Ernesto Sabato |
| 260 | |a Buenos Aires : |b Seix Barral, |c 2006 | ||
| 300 | |a 143 p. | ||
| 490 | 0 | |a Biblioteca Ernesto Sabato | |
| 653 | |a Literatura | ||
| 653 | |a Literatura argentina-siglo 20 | ||
| 653 | |a Novelas | ||
| 653 | |a Novelas argentinas-siglo 20 | ||
| 859 | |a CEMS |b BIB. CEMS - 11 de abril |h A863.4 |i Sa13-7 |p 25434.08 |t Ej.1 | ||
| 859 | |a CEMS |b BIB. CEMS - 11 de abril |h A863.4 |i Sa13-7 |p 27396.17 |t Ej.2 | ||
